header

Windows 8 five minutes at a time (Record no. 67560)

MARC details
000 -LEADER
fixed length control field 01056nam a2200277 a 4500
100 1# - MAIN ENTRY--AUTHOR NAME
Personal name Whitney, Lance.
245 10 - TITLE STATEMENT
Title Windows 8 five minutes at a time
260 ## - PUBLICATION, DISTRIBUTION, ETC. (IMPRINT)
Place of publication Indianapolis, Ind. :
Name of publisher Wiley,
Year of publication 2013.
300 ## - PHYSICAL DESCRIPTION
Number of Pages 368 p.
500 ## - GENERAL NOTE
General note Includes index.
650 #0 - SUBJECT ADDED ENTRY--TOPICAL TERM
Topical Term Windows (Computer programs)
856 40 - ELECTRONIC LOCATION AND ACCESS
Uniform Resource Identifier http://site.ebrary.com/lib/rucke/Doc?id=10626255

No items available.

© 2026 Rongo University
Contact us: librarian | system librarian | Rongo university